Doctor’s pocket companion / (Record no. 5847)

000 -LEADER
fixed length control field 00438nam a22001457a 4500
020 ## - INTERNATIONAL STANDARD BOOK NUMBER
ISBN 8180615855
082 ## - DEWEY DECIMAL CLASSIFICATION NUMBER
Classification number 362.110683
Item number D6373 2006
245 ## - TITLE STATEMENT
Title Doctor’s pocket companion /
260 ## - PUBLICATION, DISTRIBUTION, ETC. (IMPRINT)
Place of publication New Delhi :
Name of publisher Jaypee Brothers,
Year of publication c2006.
300 ## - PHYSICAL DESCRIPTION
Number of Pages xxii, 844 pages ;
Other physical details 18 cm.
500 ## - GENERAL NOTE
General note Includes bibliographical references and index.
650 ## - SUBJECT ADDED ENTRY--TOPICAL TERM
Topical Term Hospital medical staff – Handbooks.
700 ## - ADDED ENTRY--PERSONAL NAME
Personal name Sasidharan, PK, editor.
942 ## - ADDED ENTRY ELEMENTS (KOHA)
Koha item type Books
Holdings
Source of acquisition Permanent Location Date acquired Koha item type Collection code Accession Number Lost status Shelving location Withdrawn status Current Location Full call number
SchoolCagayan State University - Carig Library2015-02-20BooksMedicineM001961 Medical Library Cagayan State University - Carig Library362.110683 D6373 2006

Cagayan State University University Library, Carig Campus
Tuguegarao City, Cagayan 3500 | www.csucarig.edu.ph

Powered by Koha